000 00692nam a2200265 i 4500
003 DO-SdBNP
005 20230530101637.0
007 ta
008 230530b1960 sp a|||| |||| 00| 0 spa d
040 _aDO-SdBNP
_bspa
_cBNPHU
_erda
082 4 _222
100 _938113
_aHomero
245 1 0 _aOdisea /
_cHomero
250 _a6a ed.
264 _aMadrid :
_bAguilar,
_c1960.
300 _a584 páginas :
_bilustraciones ;
_c12 cm.
336 _2rdacontent
_atexto
_btxt
337 _2rdmedia
_asin mediación
_bn
338 _2rdacarrier
_avolumen
_bnc
490 _aCrisol
_v141
500 _aIncluye índices
590 _aInventariado, 2023/BT
910 _aBtavárez
942 _2ddc
_cLBS1
999 _c53652
_d53652